000 01237nam a2200313Ia 4500
001 ebr10287780
003 CaPaEBR
006 m u
007 cr cn|||||||||
008 040204s2004 iaua sb 001 0 eng d
010 _z 2004002510
020 _z9780813829395
020 _z0813829399 (alk. paper)
040 _aCaPaEBR
_cCaPaEBR
035 _a(OCoLC)608623570
050 1 4 _aSF780.3
_b.P37 2004eb
245 0 0 _aPathogenesis of bacterial infections in animals
_h[electronic resource] /
_cedited by Carlton L. Gyles ... [et al.].
250 _a3rd ed.
260 _aAmes, Iowa :
_bBlackwell Pub.,
_cc2004.
300 _axvii, 456 p. :
_bill.
504 _aIncludes bibliographical references and index.
533 _aElectronic reproduction.
_bPalo Alto, Calif. :
_cebrary,
_d2009.
_nAvailable via World Wide Web.
_nAccess may be limited to ebrary affiliated libraries.
650 0 _aBacterial diseases in animals.
650 0 _aCommunicable diseases in animals.
655 7 _aElectronic books.
_2local
700 1 _aGyles, C. L.
_q(Carlton L.),
_d1940-
710 2 _aebrary, Inc.
856 4 0 _uhttp://site.ebrary.com/lib/rucke/Doc?id=10287780
_zAn electronic book accessible through the World Wide Web; click to view
999 _c859
_d859